000 00277nam a2200109Ia 4500
008 220204s9999 xx 000 0 und d
082 _a065
_bCON
245 0 _aConflict and cooperation in management
260 _aUSA
_bHarward college
_c1963
650 _aManagement
942 _cBK
999 _c37223
_d37223